000 00335nam a2200145Ia 4500
008 191201s2010 xx 000 0 und d
082 _a659
_bNAC
100 _aNAIR,Vinith Kumar
245 0 _aCases in Service Marketing
250 _a1st
260 _aN. Delhi
_bExcel Books
_c2010
300 _a97
650 _aMBA
942 _2ddc
_cBK
999 _c4753
_d4753